<?xml version="1.0" encoding="UTF-8"?>
<record
    xmlns:xsi="http://www.w3.org/2001/XMLSchema-instance"
    xsi:schemaLocation="http://www.loc.gov/MARC21/slim http://www.loc.gov/standards/marcxml/schema/MARC21slim.xsd"
    xmlns="http://www.loc.gov/MARC21/slim">

  <leader>01288nam a22002777a 4500</leader>
  <controlfield tag="005">20170124103125.0</controlfield>
  <datafield tag="010" ind1=" " ind2=" ">
    <subfield code="a">B-090468</subfield>
  </datafield>
  <datafield tag="020" ind1=" " ind2=" ">
    <subfield code="c">300.00</subfield>
    <subfield code="a">8179650143</subfield>
  </datafield>
  <datafield tag="035" ind1=" " ind2=" ">
    <subfield code="a">B-090468</subfield>
  </datafield>
  <datafield tag="037" ind1=" " ind2=" ">
    <subfield code="b">Cen Lib/Ret</subfield>
  </datafield>
  <datafield tag="040" ind1=" " ind2=" ">
    <subfield code="a">DPL</subfield>
    <subfield code="b">HN</subfield>
  </datafield>
  <datafield tag="082" ind1=" " ind2=" ">
    <subfield code="a">338.4791</subfield>
    <subfield code="b">&#x926;&#x940;&#x915;&#x94D;&#x937;&#x93F;&#x924; </subfield>
  </datafield>
  <datafield tag="100" ind1=" " ind2=" ">
    <subfield code="a">&#x926;&#x940;&#x915;&#x94D;&#x937;&#x93F;&#x924;, &#x915;&#x947;. &#x915;&#x947;.</subfield>
    <subfield code="9">103827</subfield>
  </datafield>
  <datafield tag="245" ind1=" " ind2=" ">
    <subfield code="a">&#x92A;&#x930;&#x94D;&#x92F;&#x91F;&#x928; &#x915;&#x947; &#x935;&#x93F;&#x935;&#x93F;&#x927; &#x906;&#x92F;&#x93E;&#x92E; /</subfield>
    <subfield code="c">&#x915;&#x947;. &#x915;&#x947;. &#x926;&#x940;&#x915;&#x94D;&#x937;&#x93F;&#x924; [&#x914;&#x930;] &#x91C;&#x947;. &#x92A;&#x940;. &#x917;&#x941;&#x92A;&#x94D;&#x924;&#x93E; </subfield>
  </datafield>
  <datafield tag="246" ind1=" " ind2=" ">
    <subfield code="a">Pryaton ke vividh aayam /</subfield>
    <subfield code="b">by K. K. Dixit [aur] J. P. Gupta</subfield>
  </datafield>
  <datafield tag="260" ind1=" " ind2=" ">
    <subfield code="a">&#x928;&#x908; &#x926;&#x93F;&#x932;&#x94D;&#x932;&#x940; </subfield>
    <subfield code="b">&#x924;&#x915;&#x94D;&#x937;&#x936;&#x93F;&#x932;&#x93E; &#x92A;&#x94D;&#x930;&#x915;&#x93E;&#x936;&#x928; </subfield>
    <subfield code="c">2003</subfield>
  </datafield>
  <datafield tag="270" ind1=" " ind2=" ">
    <subfield code="a">23/4761, &#x905;&#x902;&#x938;&#x93E;&#x930;&#x940; &#x930;&#x94B;&#x921;, &#x926;&#x930;&#x93F;&#x92F;&#x93E;&#x917;&#x902;&#x91C; </subfield>
    <subfield code="b">&#x928;&#x908; &#x926;&#x93F;&#x932;&#x94D;&#x932;&#x940; </subfield>
    <subfield code="e">110002</subfield>
  </datafield>
  <datafield tag="300" ind1=" " ind2=" ">
    <subfield code="a">200&#x92A;&#x943;. </subfield>
    <subfield code="c">21&#x938;&#x947;&#x92E;&#x940; (&#x938;&#x91C;&#x93F;&#x932;&#x94D;&#x926; ) </subfield>
  </datafield>
  <datafield tag="500" ind1=" " ind2=" ">
    <subfield code="a">&#x905;&#x928;&#x941;&#x915;&#x94D;&#x930;&#x92E;&#x923;&#x93F;&#x915;&#x93E;  &#x936;&#x93E;&#x92E;&#x93F;&#x932;  </subfield>
  </datafield>
  <datafield tag="650" ind1=" " ind2=" ">
    <subfield code="a">&#x92A;&#x930;&#x94D;&#x92F;&#x91F;&#x928;--&#x92A;&#x930;&#x94D;&#x92F;&#x93E;&#x935;&#x930;&#x923;  </subfield>
    <subfield code="x"> </subfield>
    <subfield code="z"> </subfield>
    <subfield code="9">103828</subfield>
  </datafield>
  <datafield tag="650" ind1=" " ind2=" ">
    <subfield code="a">&#x92A;&#x930;&#x94D;&#x92F;&#x91F;&#x928;--&#x935;&#x93F;&#x915;&#x93E;&#x938; </subfield>
    <subfield code="v"> </subfield>
    <subfield code="9">7004</subfield>
  </datafield>
  <datafield tag="650" ind1=" " ind2=" ">
    <subfield code="a">Tourism -- Environment</subfield>
    <subfield code="9">103829</subfield>
  </datafield>
  <datafield tag="650" ind1=" " ind2=" ">
    <subfield code="a">Tourism--Development</subfield>
    <subfield code="9">14382</subfield>
  </datafield>
  <datafield tag="700" ind1=" " ind2=" ">
    <subfield code="a">&#x917;&#x941;&#x92A;&#x94D;&#x924;&#x93E;, &#x91C;&#x947;. &#x92A;&#x940;.</subfield>
    <subfield code="9">103830</subfield>
  </datafield>
  <datafield tag="942" ind1=" " ind2=" ">
    <subfield code="2">ddc</subfield>
    <subfield code="c">HN</subfield>
    <subfield code="h">338.4791</subfield>
    <subfield code="m">&#x926;&#x940;&#x915;&#x94D;&#x937;&#x93F;&#x924; </subfield>
  </datafield>
  <datafield tag="999" ind1=" " ind2=" ">
    <subfield code="c">118995</subfield>
    <subfield code="d">118995</subfield>
  </datafield>
  <datafield tag="952" ind1=" " ind2=" ">
    <subfield code="0">0</subfield>
    <subfield code="1">0</subfield>
    <subfield code="4">0</subfield>
    <subfield code="7">0</subfield>
    <subfield code="a">L</subfield>
    <subfield code="b">L</subfield>
    <subfield code="d">2015-09-14</subfield>
    <subfield code="e">Cen Lib/Ret</subfield>
    <subfield code="g">300.00</subfield>
    <subfield code="l">0</subfield>
    <subfield code="o">338.4791 &#x926;&#x940;&#x915;&#x94D;&#x937;&#x93F;&#x924;</subfield>
    <subfield code="p">B-090468</subfield>
    <subfield code="r">2015-09-14 00:00:00</subfield>
    <subfield code="t">1</subfield>
    <subfield code="v">300.00</subfield>
    <subfield code="w">2015-09-14</subfield>
    <subfield code="y">HN</subfield>
  </datafield>
</record>
